MDQL
is popping MORE tags! Check the
thread
!
Quizzes
Events
Quiz Creation
Community
Videos
Private Events
Remove Ads
Sign In
Join for FREE
Feedback
Dark Mode
Quiz Categories
Sports
Geography
Music
Movies
Television
Just For Fun
Miscellaneous
History
Literature
Language
Science
Gaming
Entertainment
Religion
Holiday
For Kids
Quiz Lab
Recent
Popular Today
Quiz Kudos Today
Editor Picks
Curator Picks
Quizzes by...
Day
Popularity
Type
Ratings
Length
Year
Community
Subscriptions
Recent Discussions
Orange Saloon
Badges
Playlists
Quests
Create
Leaderboards
Showdown
Live 5
Trivia Bingo
Activity
Puzzle Library
Sporcle Events
Private Events
Virtual Trivia
Globe League
Become a Host
Pub Owners
SporcleCon
Opinionation
Our Games
Videos
Blog
Mobile Apps
Partnerships
Remove Ads and Go Orange
Feedback
Movies
Disney
Marvel Cinematic Universe
Movie Resume
Movie Titles
Oscar
Actor
Actress
Director
Pixar
Role
Movie Quotes
Movie Characters
Box Office
Nominee
Best Picture
Star Wars
James Bond
Horror Movies
Movies
Disney
Marvel Cinematic Universe
Movie Resume
Movie Titles
Oscar
Actor
Actress
Director
Pixar
Role
Movie Quotes
Movie Characters
Box Office
Nominee
Best Picture
Star Wars
James Bond
Horror Movies
Random Quiz
Search Sporcle
×
Quiz Lab
Quiz Lab
Movies
caribbean
Type in answers that appear in a list
Type in answers that appear in a list
Classic
Best Score? Go Orange.
Name the Pirates of the Caribbean Characters Stats
Can you name the Name the Pirates of the Caribbean Characters?
By
Sean328
2m
32 Questions
1,027 Plays
1,027 Plays
1,027 Plays
Comments
Comments
Give Quiz Kudos
Give Quiz Kudos
-
- Ratings
hide this ad
Replay
Link that replays current quiz
Next Quiz
Link to next quiz in quiz playlist
You Got
0%
They Got
Avg Score
76%
Avg Friend Score
Upgrade to see
Score Distribution
Jump to the score distribution portion of the page
Score
0/32
Timer
02:00
0
Plays Today
% Correct
William Turner
97.5%
William Turner
97.5%
William Turner
97.5%
Captain Jack Sparrow
97.2%
Captain Jack Sparrow
97.2%
Captain Jack Sparrow
97.2%
Captain Jack Sparrow
97.2%
Elizabeth Swann
92.9%
Elizabeth Swann
92.9%
Elizabeth Swann
92.9%
Barbossa
88.2%
Barbossa
88.2%
Barbossa
88.2%
Davy Jones
81.1%
Davy Jones
81.1%
Gibbs
74.3%
% Correct
Gibbs
74.3%
Gibbs
74.3%
Gibbs
74.3%
Blackbeard
69.7%
Cpt. James Norrington
69.1%
Cpt. James Norrington
69.1%
Cpt. James Norrington
69.1%
Tia Dalma or Caylpso
66.7%
Tia Dalma or Caylpso
66.7%
Angelica
58.1%
Bootstrap Bill Turner
56%
Bootstrap Bill Turner
56%
Lord Cutler Beckett
53.9%
Lord Cutler Beckett
53.9%
Captain Teague
40.3%
Captain Teague
40.3%
Quiz Playlist
Details
Report
Send in Message
Add To Playlist
Classic:
Type in answers that appear in a list
Last Updated: Feb 16, 2017
Quiz Scoreboard
CHALLENGE
Sign Up to Join the Scoreboard
Show All
Scores
Hide
Comments
May contain spoilers
Recently Published
5x2 Blitz: Bands
by SL_Kpop136
Music
30s
Colored Red Africa Blitz
by spor1
Geography
30s
Find the 'City' Movie
by crazypaving
Movies
60s
More to Explore
Quiz From the Vault
Featured Blog Post
14 Easter Pick-up Lines to Find Eggs With
hide this ad
You Might Also Like...
Tags
caribbean
Caribbean Characters
Character
pirate
Today's Top Quizzes in Movies
Browse Movies
hide this ad
Today's Top Quizzes in caribbean
Browse caribbean
Top Contributed Quizzes in Movies
1
Find The 'Big' Movie
2
Find The 'Wild' Movie
3
Find The 'Blue' Movie
4
Movies By Plot
5
Hidden Star Wars Character II
6
Pick 5 Posters: Directed by Spielberg
7
Hidden Star Wars Character III
8
The ultimate James Bond movie quiz
9
Hidden Star Wars Character IV
10
25 Best Actor Nominees (1990s)
Explore More
Trending Topics
Harry Potter
Marvel
Anime
Crossword
Disney
NBA
Kpop
NFL
Song
WWE
The Office
Soccer
Puzzle
Pokémon
Country
hide this ad
More By:
Sean328
Quiz
Plays
Rating
Category
Featured
Created
WWE Factions/Stables
3,347
3.00
Sports
Aug 30, 2012
The All-Time Big 3s of the NBA
1,680
2.12
Sports
May 12, 2011
Name the Pirates of the Caribbean Characters
1,027
3.33
Movies
May 25, 2011
Can you name the former WWE Champions Finishing Moves?
711
2.33
Sports
Aug 24, 2012
List the World Heavyweight Champions (WWE)
703
5.00
Sports
Jul 20, 2011
Go to Creator's Profile
Score Distribution
Quiz Creator Spotlight
Sean328
Follow
Send a Message
Quizzes Created
-
Created Quiz Play Count
-
More By This Creator
Popular Quizzes Today
1
Colored Red Africa Blitz
2
Find the US States - No Outlines Minefield
3
Find the 'City' Movie
4
5x2 Blitz: Bands
5
The Countries of the World
6
Find the US States
7
US States
8
Find the Countries of Europe - No Outlines Minefield
More Movies Quizzes
Draw a Badge: Date Night
Published
Trending Quizzes
Colored Red Europe Blitz I
Colored Red Europe Blitz II
Colored Red Africa Blitz II
Colored Red Europe Blitz III
Colored Red Africa Blitz III
Recently Updated
How Do You Spell That?
pecheneg
Godzilla Movies
pecheneg
Grab Bag: 4-10 Letters
pecheneg
2024 March Madness Bracket
pecheneg
Famous TV Couples
Peacemaker
Champions League XIs: Real Madrid
pecheneg
Largest US Cities 1790-2010
pecheneg
Rides in Walt Disney World
pecheneg
Most Oscar Losses (Acting)
pecheneg
Beyoncé Albums
pecheneg
Trending Topics
Kpop
Crossword
Anime
Harry Potter
Marvel
Disney
NBA
WWE
Puzzle
The Office
Song
Pokémon
Soccer
Country
NFL
Your Account Isn't Verified!
In order to create a playlist on Sporcle, you need to verify the email address you used during registration. Go to your
Sporcle Settings
to finish the process.
Report this User
Report this user for behavior that violates our
Community Guidelines
.
Details:
Send Report
Go to the Sporcle.com Mobile Site →
Comments